000
00292nam a2200097Ia 4500
001
1250498
005
20251031150857.0
008
251031s9999 xx 000 0 und d
245
0
_c
EPİKTETOS
_a
G-5 KENDİSİNİN EFENDİSİ OLMAYAN HİÇ KİMSE ÖZGÜR DEĞİLDİR
260
_b
DESTEK YAYINLARI
999
_c
1250498
_d
1250498